|
|
|
|
| LEADER |
00000nam a2200000 i 4500 |
| 001 |
1/89019 |
| 008 |
051114s gre d |
| 020 |
|
|
|a 960-7990-88-9
|
| 035 |
|
|
|l 10081223
|
| 040 |
|
|
|a GR-MY-UA
|b gre
|e aacr
|
| 041 |
0 |
|
|a gre
|a eng
|
| 082 |
0 |
|
|a 501
|2 (22)
|
| 100 |
1 |
|
|a Casti, J. L.
|
| 245 |
1 |
2 |
|a Ο πλατωνικός παράδεισος του Αϊνστάϊν :
|b τα όρια της γνώσης /
|c John L. Casti ; Μετάφραση: Ανδρομάχη Σπανού
|
| 260 |
|
|
|a Αθήνα :
|b Τραυλός,
|c 2004
|
| 300 |
|
|
|a 219 σ.;
|b εικ.;
|c 21 εκ.
|
| 500 |
|
|
|a Τίτλος πρωτοτύπου: The one platonic heaven
|
| 650 |
0 |
0 |
|a Science
|x Philosophy.
|
| 650 |
0 |
0 |
|a Knowledge, Theory of.
|
| 700 |
1 |
|
|a Σπανού, Ανδρομάχη.
|4 trl
|
| 852 |
|
|
|a INST
|b SYROS
|e 20051114
|h 501 CAS
|p 005500005151
|q 005500005151
|t BK
|y 0
|
| 901 |
|
|
|a BIBL5-2005-3
|
| 909 |
|
|
|a Ε
|b 117249
|
| 922 |
|
|
|a 5ΕΛΗ
|b 200511
|c ΒΙΒΛΙΟΘΗΚΗ ΣΥΡΟΥ
|d ΣΕΛΕΦΑΪΣ
|
| 970 |
|
|
|a ΚΟΝΤΟΥ
|b ΠΑΡΑΣΚΕΥΗ
|z 2005/12/19
|